[Event "1. OEsterreichische Internet Schach Meisterschaft - Vorrunde 3"]
[Site "Online - Playchess.com"]
[Date ""]
[Round "5"]
[Board "30"]
[White "Dreher, David"]
[Black "Neuschmied, Siegfried"]
[Result "1/2-1/2"]
[WhiteElo "1888"]
[BlackElo "2268"]
[PlyCount "205"]
[EventDate "2020.04.17"]
[EventRounds "9"]
[EventCountry "AUT"]

1. d4 Nf6 2. Bf4 d5 3. e3 c5 4. c3 e6 5. Nd2 Bd6 6. Bxd6 Qxd6 7. f4 O-O 8. Ngf3 Nc6
9. Ne5 cxd4 10. exd4 Ne7 11. Bd3 g6 12. O-O Ne8 13. Qf3 f6 14. Ng4 Nf5 15. Ne3 Bd7
16. Rae1 Rf7 17. Nxf5 gxf5 18. Kh1 Rg7 19. Rg1 Nc7 20. Re2 Kh8 21. g3 Rag8 22. Reg2
Be8 23. Qe3 Bh5 24. Be2 Bxe2 25. Qxe2 Rg6 26. Nf3 Qa6 27. Qxa6 Nxa6 28. Re1 Nc7 29.
Nh4 R6g7 30. Rge2 Rd7 31. Nf3 Kg7 32. Nd2 Kf7 33. Nb3 b6 34. Kg2 Nb5 35. Kf2 Nd6
36. Nd2 Rc7 37. Kf3 Re8 38. Re3 a5 39. a3 Rc6 40. h3 Nb7 41. g4 fxg4+ 42. hxg4 Nd6
43. Rh1 Rh8 44. Re2 Rc7 45. Reh2 Ke8 46. Rh6 Rf7 47. Ke3 Ke7 48. R1h4 Rg7 49. Kf3
Kf7 50. R4h5 Ke7 51. Rh1 Nf7 52. R6h4 Nd6 53. Re1 Kd7 54. Rh6 Rf7 55. Reh1 Ke7 56.
R1h5 Rg7 57. Rh2 Nf7 58. R6h5 Nd6 59. Re2 Rhg8 60. Reh2 Rxg4 61. Rxh7+ R8g7 62. Rxg7+
Rxg7 63. Rh8 Ne8 64. c4 Rg1 65. cxd5 exd5 66. Ke3 Re1+ 67. Kd3 Rg1 68. Rh7+ Kd6 69.
Rb7 Rg3+ 70. Ke2 Kc6 71. Rb8 Nd6 72. Rf8 f5 73. Rf6 Kd7 74. Rh6 Rg2+ 75. Kd3 Ne4
76. Nxe4 fxe4+ 77. Kc3 Rg3+ 78. Kd2 Rd3+ 79. Ke2 b5 80. Rb6 Rxd4 81. Rxb5 a4 82.
Rb4 Rd3 83. Rxa4 Rf3 84. Rd4 Kd6 85. b4 Rxf4 86. a4 Rf3 87. Rd2 Rb3 88. b5 Kc5 89.
Ra2 d4 90. a5 Rxb5 91. a6 Rb8 92. a7 Ra8 93. Ra5+ Kc4 94. Ra4+ Kd5 95. Ra5+ Kc4 96.
Ra4+ Kc5 97. Ra5+ Kb6 98. Ra4 d3+ 99. Kd2 Rxa7 100. Rxe4 Ra3 101. Rd4 Kc5 102. Rxd3
Rxd3+ 103. Kxd3  1/2-1/2

[Event "1. OEsterreichische Internet Schach Meisterschaft - Vorrunde 3"]
[Site "Online - Playchess.com"]
[Date ""]
[Round "5"]
[Board "31"]
[White "Kreutzmann, Duke"]
[Black "Fuchs, Georg"]
[Result "1-0"]
[WhiteElo "2036"]
[BlackElo "2211"]
[PlyCount "45"]
[EventDate "2020.04.17"]
[EventRounds "9"]
[EventCountry "AUT"]

1. d4 Nf6 2. Nf3 e6 3. Bf4 c5 4. e3 d5 5. c3 Nc6 6. Nbd2 Be7 7. Ne5 O-O 8. Bd3 a6
9. Qf3 cxd4 10. exd4 Nxe5 11. dxe5 Nd7 12. h4 Re8 13. Bxh7+ Kxh7 14. Qh5+ Kg8 15.
Nf3 f6 16. Ng5 fxg5 17. hxg5 Nf8 18. g6 Nxg6 19. Qxg6 Bf6 20. exf6 Qxf6 21. Qxe8+
Qf8 22. Rh8+ Kxh8 23. Qxf8+  1-0

[Event "1. OEsterreichische Internet Schach Meisterschaft - Vorrunde 3"]
[Site "Online - Playchess.com"]
[Date ""]
[Round "5"]
[Board "32"]
[White "Schein, Karl-Heinz"]
[Black "Doujak, Gabriel Andreas"]
[Result "0-1"]
[WhiteElo "2187"]
[BlackElo "1980"]
[PlyCount "80"]
[EventDate "2020.04.17"]
[EventRounds "9"]
[EventCountry "AUT"]

1. e4 c6 2. d4 d5 3. exd5 cxd5 4. Bd3 Nc6 5. c3 Nf6 6. h3 g6 7. Nf3 Bg7 8. O-O O-O
9. Re1 e6 10. Bf4 b6 11. Nbd2 a5 12. Ne5 Nxe5 13. Bxe5 Ba6 14. Bxa6 Rxa6 15. Qe2
Ra7 16. f4 Qd7 17. g4 Rc8 18. Rf1 Ne8 19. Nf3 Nd6 20. Bxg7 Kxg7 21. Ne5 Qe8 22. Qf3
Ne4 23. Rad1 f6 24. Nd3 Re7 25. Nf2 Nxf2 26. Rxf2 b5 27. Rdf1 b4 28. f5 exf5 29.
gxf5 g5 30. Qxd5 bxc3 31. bxc3 Rxc3 32. Rf3 Ree3 33. Kg2 Re2+ 34. R1f2 Rcc2 35. Qb7+
Kh8 36. Qb6 Rxf2+ 37. Rxf2 Qe4+ 38. Kg1 Qe1+ 39. Rf1 Qg3+ 40. Kh1 Rh2#  0-1

[Event "1. OEsterreichische Internet Schach Meisterschaft - Vorrunde 3"]
[Site "Online - Playchess.com"]
[Date ""]
[Round "5"]
[Board "33"]
[White "Strodl, Joachim"]
[Black "Auinger, Marcel"]
[Result "1-0"]
[WhiteElo "2137"]
[BlackElo "1808"]
[PlyCount "93"]
[EventDate "2020.04.17"]
[EventRounds "9"]
[EventCountry "AUT"]

1. e4 c6 2. d4 d5 3. exd5 cxd5 4. Bd3 Nc6 5. c3 Qc7 6. Ne2 Nf6 7. Bf4 Qb6 8. Qb3
e6 9. Qxb6 axb6 10. Nd2 Bd7 11. O-O Be7 12. h3 O-O 13. Nf3 Ra7 14. a3 Na5 15. Ne5
Raa8 16. Bg5 Be8 17. f4 h6 18. Bh4 Ba4 19. f5 Nc6 20. Bxf6 Bxf6 21. Nd7 Rfd8 22.
Nxb6 Ra6 23. Bxa6 Bc2 24. Bb5 Bxf5 25. Nf4 Bg5 26. Be2 Rd6 27. Na4 Na5 28. Nc5 Nc4
29. Bxc4 dxc4 30. g4 Bh7 31. Rf2 Rb6 32. a4 f6 33. Ncxe6 Bh4 34. Re2 Kf7 35. d5 g5
36. Ng2 Bg3 37. a5 Rd6 38. Rd1 Bd3 39. Re3 Be5 40. Rexd3 cxd3 41. Rxd3 Ra6 42. b4
Ra8 43. c4 Rc8 44. c5 Rd8 45. Ne3 Rc8 46. Nf5 Kg6 47. Ne7+  1-0

[Event "1. OEsterreichische Internet Schach Meisterschaft - Vorrunde 3"]
[Site "Online - Playchess.com"]
[Date ""]
[Round "5"]
[Board "34"]
[White "Ehs, Dominik"]
[Black "Streiter, Gerhard"]
[Result "1-0"]
[WhiteElo "2070"]
[BlackElo "1973"]
[PlyCount "65"]
[EventDate "2020.04.17"]
[EventRounds "9"]
[EventCountry "AUT"]

1. e4 c5 2. Nf3 d6 3. d4 cxd4 4. Nxd4 Nf6 5. Nc3 g6 6. g3 Nc6 7. Nxc6 bxc6 8. Bg2
Bd7 9. O-O Bg7 10. Kh1 O-O 11. f4 Qc7 12. h3 h5 13. Rb1 Rab8 14. Qe2 Rfd8 15. Bd2
e5 16. f5 Kh7 17. Bg5 Rf8 18. b3 Ng8 19. Bf3 Bh6 20. h4 Bxg5 21. hxg5 Ne7 22. f6
Ng8 23. Bxh5 Nh6 24. gxh6 gxh5 25. Qxh5 Be6 26. Rf2 Rg8 27. Qh4 Rg6 28. Rh2 Rbg8
29. Rg1 Rg4 30. Qh3 Rxg3 31. Qxg3 Rxg3 32. Rxg3 Kh8 33. h7  1-0

[Event "1. OEsterreichische Internet Schach Meisterschaft - Vorrunde 3"]
[Site "Online - Playchess.com"]
[Date ""]
[Round "5"]
[Board "35"]
[White "Meglitsch, Konstantin"]
[Black "Moritz, Christian"]
[Result "0-1"]
[WhiteElo "2041"]
[BlackElo "2077"]
[PlyCount "66"]
[EventDate "2020.04.17"]
[EventRounds "9"]
[EventCountry "AUT"]

1. e4 e6 2. d4 d5 3. Nd2 Nf6 4. e5 Nfd7 5. f4 c5 6. c3 Nc6 7. Ndf3 cxd4 8. cxd4 Qb6
9. g3 Bb4+ 10. Kf2 g5 11. fxg5 Ndxe5 12. Kg2 Ng6 13. h4 Bd7 14. a3 Bd6 15. b4 Qc7
16. Ne2 O-O-O 17. Bd2 Kb8 18. b5 Na5 19. Bxa5 Qxa5 20. a4 Rc8 21. h5 Ne7 22. g4 Rhg8
23. Ng3 Rc3 24. Ne2 Re3 25. Qc1 Re4 26. Rh4 Rc8 27. Qd1 Ka8 28. Rc1 Bb8 29. Rxc8
Nxc8 30. Qc2 Qc7 31. Kf2 Qxc2 32. Bg2 Rxe2+ 33. Kf1 Rxg2  0-1

[Event "1. OEsterreichische Internet Schach Meisterschaft - Vorrunde 3"]
[Site "Online - Playchess.com"]
[Date ""]
[Round "5"]
[Board "36"]
[White "Keim, Philipp"]
[Black "Schroettner, Martin"]
[Result "0-1"]
[WhiteElo "1926"]
[BlackElo "1934"]
[PlyCount "68"]
[EventDate "2020.04.17"]
[EventRounds "9"]
[EventCountry "AUT"]

1. Nf3 c6 2. c4 d5 3. e3 Nf6 4. Nc3 Bg4 5. cxd5 Nxd5 6. Nxd5 Qxd5 7. Be2 Nd7 8. O-O
Nf6 9. h3 Bh5 10. Qc2 e6 11. d4 Be7 12. Bc4 Qd8 13. Ne5 Bg6 14. Nxg6 hxg6 15. b3
Qd6 16. e4 Qxd4 17. Bb2 Qb6 18. Rae1 O-O 19. Qe2 Bb4 20. Rc1 Rad8 21. h4 Rd2 22.
Qe3 Qxe3 23. fxe3 Rxb2 24. Rfd1 Rxa2 25. e5 Nd5 26. e4 Nf4 27. Bf1 Ne2+ 28. Bxe2
Rxe2 29. Rd7 a5 30. Rc4 Re3 31. Rxb7 c5 32. Rc2 Rxb3 33. Rf2 Re3 34. g4 Rxe4  0-1

[Event "1. OEsterreichische Internet Schach Meisterschaft - Vorrunde 3"]
[Site "Online - Playchess.com"]
[Date ""]
[Round "5"]
[Board "37"]
[White "Huber, Guenther"]
[Black "Weichhart, Daniel"]
[Result "0-1"]
[WhiteElo "1979"]
[BlackElo "1648"]
[PlyCount "92"]
[EventDate "2020.04.17"]
[EventRounds "9"]
[EventCountry "AUT"]

1. c4 c5 2. g3 Nc6 3. Bg2 Nf6 4. Nc3 g6 5. e4 d6 6. Nge2 Bg7 7. O-O O-O 8. d3 Rb8
9. h3 a6 10. f4 Qc7 11. Rb1 b5 12. b3 b4 13. Nd5 Nxd5 14. cxd5 Nd4 15. Be3 Nxe2+
16. Qxe2 a5 17. Rbc1 Ba6 18. Qd2 Qa7 19. Rfd1 Rfc8 20. g4 Bb5 21. f5 a4 22. g5 Ra8
23. Qf2 Qa6 24. f6 exf6 25. gxf6 Bh8 26. Bf1 axb3 27. axb3 Qa2 28. Qf4 Ra6 29. e5
dxe5 30. Qxe5 Bxf6 31. Qf4 Rd8 32. Rxc5 Be8 33. d4 Qxb3 34. Rdc1 Kf8 35. Bxa6 Rxd5
36. Rxd5 Qxd5 37. Rc8 Qe6 38. Rc1 Qxa6 39. d5 b3 40. d6 b2 41. Rb1 Qd3 42. Rxb2 Bxb2
43. Bf2 Qf5 44. Qb4 Qg5+ 45. Kf1 Bb5+ 46. Ke1 Qc1#  0-1

[Event "1. OEsterreichische Internet Schach Meisterschaft - Vorrunde 3"]
[Site "Online - Playchess.com"]
[Date ""]
[Round "5"]
[Board "38"]
[White "Schreiner, Peter"]
[Black "Pilshofer, Paul"]
[Result "1-0"]
[WhiteElo "2440"]
[BlackElo "1715"]
[PlyCount "81"]
[EventDate "2020.04.17"]
[EventRounds "9"]
[EventCountry "AUT"]

1. d4 d5 2. c4 e6 3. Nf3 Nf6 4. g3 Nbd7 5. Bg2 c6 6. O-O Bd6 7. Nfd2 O-O 8. Nc3 Bc7
9. e4 dxe4 10. Ndxe4 Nxe4 11. Nxe4 Nb6 12. b3 a5 13. a4 Qe7 14. Ba3 Qd8 15. Bxf8
Kxf8 16. Re1 Bd7 17. Qd2 e5 18. dxe5 Bxe5 19. Rad1 Bc7 20. Nc5 Be6 21. Qxd8+ Rxd8
22. Rxd8+ Bxd8 23. Nxb7 Bc7 24. Bxc6 Ke7 25. Nxa5 Nxa4 26. Bxa4 Bxa5 27. Re2 Kd6
28. f3 Kc5 29. Kg2 Kb4 30. Bc6 Kxb3 31. Bd5 Bxd5 32. cxd5 Bb4 33. Re8 Kc4 34. Rg8
g6 35. Rg7 f5 36. Rxh7 Kxd5 37. Rg7 Ke5 38. Rxg6 Bd2 39. f4+ Ke4 40. Re6+ Kd5 41.
Re5+  1-0

[Event "1. OEsterreichische Internet Schach Meisterschaft - Vorrunde 3"]
[Site "Online - Playchess.com"]
[Date ""]
[Round "5"]
[Board "40"]
[White "Kienboeck, Benjamin"]
[Black "Mostbauer, Maximilian"]
[Result "0-1"]
[WhiteElo "1922"]
[BlackElo "2217"]
[PlyCount "60"]
[EventDate "2020.04.17"]
[EventRounds "9"]
[EventCountry "AUT"]

1. e4 e6 2. d4 d5 3. Nc3 Nf6 4. e5 Nfd7 5. Nce2 c5 6. c3 Nc6 7. Nf3 b5 8. a3 Qb6
9. Nf4 cxd4 10. cxd4 b4 11. Be3 bxa3 12. bxa3 Bxa3 13. Be2 Bb4+ 14. Bd2 Nxd4 15.
O-O Nxe2+ 16. Qxe2 Bxd2 17. Qxd2 O-O 18. Qc2 h6 19. Rab1 Qc5 20. Qd3 a5 21. Rfc1
Qe7 22. Rc7 a4 23. Nd4 a3 24. Ra1 Qb4 25. Nc2 Qxf4 26. Nxa3 Nxe5 27. Qg3 Qxg3 28.
hxg3 Nc4 29. Nc2 Rxa1+ 30. Nxa1 Ba6  0-1

[Event "1. OEsterreichische Internet Schach Meisterschaft - Vorrunde 3"]
[Site "Online - Playchess.com"]
[Date ""]
[Round "5"]
[Board "41"]
[White "Polterauer, Chiara"]
[Black "Bachlechner, Julian"]
[Result "1/2-1/2"]
[WhiteElo "2178"]
[BlackElo "2214"]
[PlyCount "156"]
[EventDate "2020.04.17"]
[EventRounds "9"]
[EventCountry "AUT"]

1. e4 d6 2. d4 g6 3. Be3 Bg7 4. Nf3 c5 5. c3 b6 6. Qd2 Nc6 7. Be2 Bb7 8. d5 Ne5 9.
Nxe5 dxe5 10. O-O Nf6 11. f3 O-O 12. c4 Ne8 13. Nc3 Nd6 14. b3 f5 15. Bh6 f4 16.
Bxg7 Kxg7 17. a4 g5 18. Kf2 a5 19. h3 Qe8 20. Rh1 Qh5 21. Bd3 Qh4+ 22. Ke2 Qg3 23.
Rag1 h5 24. Qe1 Qxe1+ 25. Kxe1 Bc8 26. Be2 Kf6 27. Kf2 Bd7 28. g4 fxg3+ 29. Rxg3
h4 30. Rg2 Rg8 31. Kg1 Ne8 32. Kh2 Ng7 33. Bd1 Nh5 34. Ne2 Raf8 35. Rhg1 Rg6 36.
Bc2 Rfg8 37. Bd3 Kg7 38. Rxg5 Kh6 39. Rxg6+ Rxg6 40. Rxg6+ Kxg6 41. f4 exf4 42. e5+
Bf5 43. Bxf5+ Kxf5 44. d6 exd6 45. exd6 Ke6 46. Kg2 Kxd6 47. Kf3 Ke5 48. Nc3 Nf6
49. Ne2 Nh5 50. Nc3 Nf6 51. Ne2 Ne4 52. Nxf4 Nd2+ 53. Kg4 Nxb3 54. Ng6+ Kd4 55. Nxh4
Nd2 56. Nf5+ Kxc4 57. h4 Ne4 58. Kf4 Nf6 59. Ke5 Nh5 60. Kd6 Kb4 61. Kc6 c4 62. Kxb6
c3 63. Nd4 Kxa4 64. Kc5 Ka3 65. Kb5 a4 66. Kc4 Kb2 67. Kd3 a3 68. Nc2 a2 69. Na1
Kxa1 70. Kc2 Nf4 71. Kc1 Nd3+ 72. Kc2 Nb4+ 73. Kc1 Nd3+ 74. Kc2 Nf4 75. Kc1 Ng2 76.
h5 Nf4 77. h6 Ng6 78. h7 Nh8  1/2-1/2

[Event "1. OEsterreichische Internet Schach Meisterschaft - Vorrunde 3"]
[Site "Online - Playchess.com"]
[Date ""]
[Round "5"]
[Board "42"]
[White "Ofner, Maximilian"]
[Black "Marakovits, Nico"]
[Result "1-0"]
[WhiteElo "2177"]
[BlackElo "2105"]
[PlyCount "88"]
[EventDate "2020.04.17"]
[EventRounds "9"]
[EventCountry "AUT"]

1. e4 c5 2. Nf3 e6 3. d3 g6 4. g3 Bg7 5. Bg2 Ne7 6. O-O d6 7. Nc3 O-O 8. Bf4 a6 9.
a4 e5 10. Bd2 Nbc6 11. Nd5 Nxd5 12. exd5 Ne7 13. c4 h6 14. b4 b6 15. Rb1 f5 16. bxc5
bxc5 17. a5 Bd7 18. Rb6 Nc8 19. Rb7 g5 20. Qb1 f4 21. h4 gxh4 22. Nxh4 Ne7 23. Qb6
Nf5 24. Qxd8 Raxd8 25. Nxf5 Bxf5 26. Be4 Bxe4 27. dxe4 Rf7 28. Rxf7 Kxf7 29. Rb1
fxg3 30. Rb7+ Kf6 31. fxg3 Ra8 32. Kg2 Kg6 33. Rd7 Bf8 34. Rb7 Bg7 35. g4 Bf8 36.
Kg3 Bg7 37. Be3 Bf8 38. Rb6 Kg7 39. Kh4 Be7+ 40. Kh5 Kf7 41. Bxh6 Bf6 42. g5 Be7
43. Rb7 Ke8 44. g6 Bf6  1-0

[Event "1. OEsterreichische Internet Schach Meisterschaft - Vorrunde 3"]
[Site "Online - Playchess.com"]
[Date ""]
[Round "5"]
[Board "43"]
[White "Wagner, Leopold Franziskus"]
[Black "Fugger, Christian"]
[Result "1-0"]
[WhiteElo "2168"]
[BlackElo "1807"]
[PlyCount "69"]
[EventDate "2020.04.17"]
[EventRounds "9"]
[EventCountry "AUT"]

1. e4 c6 2. d4 d5 3. exd5 cxd5 4. Bd3 Nf6 5. c3 Nc6 6. Ne2 a6 7. Bf4 Bg4 8. f3 Bh5
9. O-O e6 10. Nd2 Bd6 11. Nb3 O-O 12. Qd2 Qc7 13. Bxd6 Qxd6 14. Nf4 Bg6 15. Bxg6
hxg6 16. Nd3 b6 17. Rae1 Rac8 18. Qe3 Ne7 19. Ne5 Nf5 20. Qd3 b5 21. Nc5 Rfd8 22.
b4 Qb6 23. Rf2 a5 24. a3 axb4 25. axb4 Ne7 26. Rfe2 Nc6 27. g4 Nxe5 28. Rxe5 Nd7
29. R5e2 Ra8 30. h4 Ra3 31. h5 Nxc5 32. dxc5 Qc6 33. hxg6 fxg6 34. Rxe6 Qa8 35. Qxg6
 1-0

[Event "1. OEsterreichische Internet Schach Meisterschaft - Vorrunde 3"]
[Site "Online - Playchess.com"]
[Date ""]
[Round "5"]
[Board "44"]
[White "Schumi, Manfred"]
[Black "Strasser, Josef"]
[Result "0-1"]
[WhiteElo "2202"]
[BlackElo "1829"]
[PlyCount "96"]
[EventDate "2020.04.17"]
[EventRounds "9"]
[EventCountry "AUT"]

1. e4 d5 2. exd5 Qxd5 3. Nc3 Qe5+ 4. Be2 c6 5. Nf3 Qc7 6. d4 Nf6 7. O-O e6 8. Ne5
Nbd7 9. Bf4 Bd6 10. Nxd7 Qxd7 11. Bxd6 Qxd6 12. Bf3 O-O 13. Qd3 Rb8 14. Rad1 b6 15.
Qe3 Bb7 16. Rfe1 Rfe8 17. Ne4 Nxe4 18. Bxe4 Qe7 19. Qh3 g6 20. Qh6 Qf6 21. Re3 Qg7
22. Qh4 Red8 23. Red3 Rd7 24. Qf4 Rbd8 25. c3 Qf8 26. h4 Qe7 27. h5 g5 28. Qf3 h6
29. Bxc6 Bxc6 30. Qxc6 Rd6 31. Qe4 Kg7 32. g4 a6 33. Kg2 R8d7 34. f4 gxf4 35. Qxf4
e5 36. Qe4 Qg5 37. Rf1 exd4 38. Rf5 Qe7 39. Re5 Qf6 40. cxd4 Rd8 41. Rf5 Qh4 42.
Qf4 R6d7 43. Qe5+ f6 44. Qf4 Qe1 45. Qf2 Qe4+ 46. Rdf3 Qxd4 47. Rxf6 Qd5 48. Rf7+
Rxf7  0-1

[Event "1. OEsterreichische Internet Schach Meisterschaft - Vorrunde 3"]
[Site "Online - Playchess.com"]
[Date ""]
[Round "5"]
[Board "45"]
[White "Wimmer, Michael"]
[Black "Schloffer, Jasmin-Denise"]
[Result "0-1"]
[WhiteElo "1559"]
[BlackElo "2110"]
[PlyCount "74"]
[EventDate "2020.04.17"]
[EventRounds "9"]
[EventCountry "AUT"]

1. e4 e5 2. Nf3 Nc6 3. d4 exd4 4. Nxd4 Nf6 5. Nc3 Bb4 6. Nxc6 bxc6 7. Bd3 d5 8. exd5
cxd5 9. O-O O-O 10. Bg5 c6 11. Qf3 Bd6 12. h3 Rb8 13. Rab1 Be6 14. Ne2 Be5 15. c3
h6 16. Bf4 Bxf4 17. Nxf4 Qd7 18. Nxe6 fxe6 19. Qe3 Qd6 20. Rfe1 Rfe8 21. Bg6 Re7
22. Bc2 e5 23. Bb3 Rbe8 24. Qg3 Nh5 25. Qf3 Nf4 26. Qe3 e4 27. Qd4 Qg6 28. g3 Nxh3+
29. Kg2 Ng5 30. Qc5 Nf3 31. Rh1 Ne5 32. c4 Nd3 33. Qa5 Rf7 34. Rhf1 Ref8 35. cxd5
Rxf2+ 36. Kh1 Qh5+ 37. Kg1 Qh2#  0-1

[Event "1. OEsterreichische Internet Schach Meisterschaft - Vorrunde 3"]
[Site "Online - Playchess.com"]
[Date ""]
[Round "5"]
[Board "46"]
[White "Haas, Gerald"]
[Black "Teuschler, Hugo"]
[Result "0-1"]
[WhiteElo "1906"]
[BlackElo "2055"]
[PlyCount "64"]
[EventDate "2020.04.17"]
[EventRounds "9"]
[EventCountry "AUT"]

1. c4 e6 2. Nc3 d5 3. cxd5 exd5 4. d4 Nf6 5. Nf3 c6 6. e3 Bd6 7. Bd3 Bg4 8. h3 Bh5
9. g4 Bg6 10. Ne5 Bxd3 11. Qxd3 Nfd7 12. f4 f6 13. Nf3 Na6 14. a3 Nb6 15. O-O O-O
16. b3 Qe7 17. Re1 Rae8 18. e4 dxe4 19. Nxe4 Qc7 20. Nxd6 Rxe1+ 21. Nxe1 Qxd6 22.
Bd2 Rd8 23. Be3 Nd5 24. Ng2 Nxe3 25. Nxe3 Qxd4 26. Qxd4 Rxd4 27. Kf2 Rd2+ 28. Kf3
Rd3 29. Rb1 Nc5 30. b4 Na4 31. Ke4 Rxa3 32. Nf5 Nc3+  0-1

[Event "1. OEsterreichische Internet Schach Meisterschaft - Vorrunde 3"]
[Site "Online - Playchess.com"]
[Date ""]
[Round "5"]
[Board "47"]
[White "Kainz, Josef"]
[Black "Guetz, Wolfgang"]
[Result "0-1"]
[WhiteElo "2005"]
[BlackElo "2078"]
[PlyCount "80"]
[EventDate "2020.04.17"]
[EventRounds "9"]
[EventCountry "AUT"]

1. d4 d5 2. c4 c6 3. Nf3 Nf6 4. g3 dxc4 5. Bg2 Bf5 6. O-O e6 7. Nbd2 b5 8. a4 Nbd7
9. axb5 cxb5 10. Ne5 Nxe5 11. Bxa8 Qxa8 12. dxe5 Nd7 13. Nf3 Bc5 14. Be3 Bxe3 15.
fxe3 Be4 16. Qd4 a6 17. Rad1 Qc6 18. Ng5 Bg6 19. Qd6 Qxd6 20. Rxd6 Nxe5 21. Rxa6
Ke7 22. Ra7+ Kd6 23. Rd1+ Kc5 24. Nf3 Ng4 25. Rc7+ Kb4 26. Nd4 Nxe3 27. Ra1 Rd8 28.
Nc6+ Kb3 29. Nxd8 Kxb2 30. Nxf7 Kxa1 31. Ne5 Kb2 32. Nxg6 hxg6 33. Kf2 Nd5 34. Rb7
b4 35. e4 b3 36. exd5 exd5 37. Ke3 c3 38. Rc7 c2 39. Kd2 d4 40. Rc4 d3  0-1

[Event "1. OEsterreichische Internet Schach Meisterschaft - Vorrunde 3"]
[Site "Online - Playchess.com"]
[Date ""]
[Round "5"]
[Board "48"]
[White "Borrmann, Laurenz"]
[Black "Milanollo, Mario"]
[Result "0-1"]
[WhiteElo "1880"]
[BlackElo "2053"]
[PlyCount "60"]
[EventDate "2020.04.17"]
[EventRounds "9"]
[EventCountry "AUT"]

1. Nf3 Nf6 2. g3 g6 3. Bg2 Bg7 4. O-O O-O 5. d4 c6 6. c4 d5 7. Nc3 dxc4 8. Ne5 Nbd7
9. Bf4 Nxe5 10. dxe5 Ng4 11. Qc2 Bxe5 12. Rad1 Qc7 13. e3 Bxf4 14. exf4 Nf6 15. Ne4
Nxe4 16. Bxe4 b5 17. Rfe1 Bg4 18. Rd2 Rad8 19. Bg2 Rxd2 20. Qxd2 Rd8 21. Qe3 Be6
22. Qc5 Rd2 23. Bxc6 Rxb2 24. Qd4 Rxa2 25. Bxb5 c3 26. Rxe6 fxe6 27. Bc4 Ra1+ 28.
Kg2 Qc6+ 29. Kh3 Ra4 30. Bxe6+ Qxe6+  0-1

[Event "1. OEsterreichische Internet Schach Meisterschaft - Vorrunde 3"]
[Site "Online - Playchess.com"]
[Date ""]
[Round "5"]
[Board "50"]
[White "Horvath, Maria"]
[Black "Charaus, Florian"]
[Result "0-1"]
[WhiteElo "1995"]
[BlackElo "2055"]
[PlyCount "146"]
[EventDate "2020.04.17"]
[EventRounds "9"]
[EventCountry "AUT"]

1. d4 Nf6 2. Nf3 c5 3. e3 g6 4. c3 d5 5. Bd3 c4 6. Bc2 Bg7 7. Nbd2 O-O 8. O-O b5
9. e4 dxe4 10. Nxe4 Bb7 11. Nc5 Qb6 12. Nxb7 Qxb7 13. Bf4 Nbd7 14. h3 Rad8 15. Re1
Rfe8 16. Ne5 Nxe5 17. Bxe5 e6 18. Qe2 a6 19. a3 h5 20. Rad1 Nd5 21. Bxg7 Kxg7 22.
Be4 Qe7 23. Qf3 Qf6 24. Qg3 Qf4 25. Qxf4 Nxf4 26. Bb7 Rd6 27. Be4 Red8 28. Kh2 Nd5
29. g3 Kf6 30. Bg2 Ke7 31. Re5 Nb6 32. Rde1 Na4 33. R1e2 f6 34. R5e3 Nb6 35. h4 Kf7
36. Bh3 Re8 37. Re4 Nd5 38. Kg2 f5 39. Re5 Nf6 40. Kh2 Nd7 41. R5e3 Kf6 42. Bg2 e5
43. dxe5+ Nxe5 44. Bh3 Rd1 45. Kg2 Re7 46. f4 Nc6 47. Rxe7 Nxe7 48. Kf2 Nd5 49. Bg2
Nb6 50. Bf3 Rd6 51. Ke1 Na4 52. Bg2 Nc5 53. Re8 Kf7 54. Ra8 Nd3+ 55. Ke2 Nxb2 56.
Rb8 Na4 57. Rb7+ Kf6 58. Ra7 Nxc3+ 59. Ke1 Nb1 60. a4 b4 61. Bb7 c3 62. Bxa6 c2 63.
Rc7 Rd1+ 64. Ke2 c1=Q 65. Rxc1 Rxc1 66. Bb5 Rc5 67. Ke3 Nc3 68. Be8 Ra5 69. Kd3 Nxa4
70. Kc4 Ra8 71. Kxb4 Rxe8 72. Kxa4 Re3 73. Kb4 Rxg3  0-1

[Event "1. OEsterreichische Internet Schach Meisterschaft - Vorrunde 3"]
[Site "Online - Playchess.com"]
[Date ""]
[Round "5"]
[Board "51"]
[White "Missethan, Michael"]
[Black "Katter, Katharina"]
[Result "1-0"]
[WhiteElo "2015"]
[BlackElo "1930"]
[PlyCount "39"]
[EventDate "2020.04.17"]
[EventRounds "9"]
[EventCountry "AUT"]

1. e4 e5 2. Nf3 Nc6 3. Nc3 Nf6 4. d4 exd4 5. Nxd4 Bb4 6. Nxc6 bxc6 7. Bd3 O-O 8.
O-O d5 9. exd5 cxd5 10. h3 c5 11. Qf3 Qd6 12. Bg5 Bb7 13. a3 Ba5 14. Rad1 Bc7 15.
g3 Rab8 16. Nb5 Qd7 17. Nxc7 Qxc7 18. Bxf6 gxf6 19. Qg4+ Kh8 20. Qf5  1-0

[Event "1. OEsterreichische Internet Schach Meisterschaft - Vorrunde 3"]
[Site "Online - Playchess.com"]
[Date ""]
[Round "5"]
[Board "52"]
[White "Schneider-Zinner, Werner"]
[Black "Lerch, Johannes"]
[Result "0-1"]
[WhiteElo "1967"]
[BlackElo "2005"]
[PlyCount "124"]
[EventDate "2020.04.17"]
[EventRounds "9"]
[EventCountry "AUT"]

1. d4 d5 2. Nf3 Nf6 3. Bf4 c5 4. c3 Nc6 5. e3 Qb6 6. Qb3 c4 7. Qc2 Bf5 8. Qc1 e6
9. Nbd2 Rc8 10. Ne5 Qd8 11. Be2 Nd7 12. O-O f6 13. Nxd7 Qxd7 14. Bf3 Bd6 15. Bxd6
Qxd6 16. e4 Bg6 17. exd5 exd5 18. Re1+ Ne7 19. Bg4 Rd8 20. Qd1 O-O 21. Be6+ Bf7 22.
Bxf7+ Rxf7 23. Nf3 Ng6 24. Qd2 Re7 25. Rxe7 Qxe7 26. Re1 Qd7 27. Qe2 Kf7 28. g3 Re8
29. Qd2 Rxe1+ 30. Qxe1 Qe6 31. Qxe6+ Kxe6 32. Kf1 Ne7 33. Ke2 Nc8 34. Nd2 Nd6 35.
f4 Kf5 36. Kf3 Ke6 37. g4 g6 38. h4 b5 39. a3 Nc8 40. Ke3 Nb6 41. b3 a5 42. bxc4
bxc4 43. Nf3 Na4 44. Kd2 Nb2 45. Ne1 h5 46. g5 fxg5 47. fxg5 Kf5 48. Nc2 Na4 49.
Ne3+ Ke4 50. Nd1 Nb6 51. Ke2 Kf4 52. Ne3 Kg3 53. Nf5+ gxf5 54. g6 Nd7 55. Ke3 f4+
56. Ke2 Kg2 57. Kd2 f3 58. Ke3 f2 59. Kf4 f1=Q+ 60. Kg5 Qf6+ 61. Kh6 Nf8 62. a4 Qxg6#
 0-1

[Event "1. OEsterreichische Internet Schach Meisterschaft - Vorrunde 3"]
[Site "Online - Playchess.com"]
[Date ""]
[Round "5"]
[Board "53"]
[White "Bachner, Karsten"]
[Black "Filek, Mattias"]
[Result "1-0"]
[WhiteElo "1997"]
[BlackElo "1932"]
[PlyCount "99"]
[EventDate "2020.04.17"]
[EventRounds "9"]
[EventCountry "AUT"]

1. e4 e5 2. Nf3 Nc6 3. Bb5 a6 4. Ba4 Nf6 5. O-O Be7 6. Re1 b5 7. Bb3 O-O 8. d4 Nxd4
9. Bxf7+ Rxf7 10. Nxe5 Ne6 11. Nxf7 Kxf7 12. e5 Ne8 13. Qf3+ Kg8 14. Qxa8 c6 15.
Be3 N8c7 16. Qb8 c5 17. Nc3 b4 18. Ne4 Nd5 19. Nd6 Bxd6 20. exd6 Nxe3 21. Rxe3 Nd4
22. Rae1 Ne6 23. Rd1 Qe8 24. f4 g6 25. Rde1 Qf8 26. g3 a5 27. c3 bxc3 28. bxc3 c4
29. Qa8 Kg7 30. Rb1 Qf5 31. Rbe1 Qc5 32. Kg2 a4 33. Re5 Qxd6 34. Qxc8 Qd2+ 35. R1e2
Qd6 36. Rxe6 dxe6 37. Qxe6 Qd3 38. Qe5+ Kh6 39. Qg5+ Kg7 40. Re7+ Kg8 41. Re8+ Kg7
42. Qe5+ Kh6 43. Qe3 Qc2+ 44. Kf3 Qxh2 45. f5+ Kh5 46. fxg6 Qh1+ 47. Kf4 Kxg6 48.
Qe4+ Kf7 49. Re7+ Kf6 50. Qxh1  1-0